000
00279nam a22001217a 4500
008
230704b xxu||||| |||| 00| 0 eng d
082
_a
343.73
_b
UNI
100
_c
UNI
245
_a
Public Law 101-549-NOV.15, 1990
260
_c
1990
300
_a
varrious paging
942
_2
ddc
_c
BK
999
_c
3605
_d
3605